WNBA Nicknames - Statistics

General Stats
  • This quiz has been taken 85 times
  • The average score is 9 of 15
Answer Stats
Nickname Answer % Correct
Stewie Breanna Stewart
91%
Plum Dawg Kelsey Plum
91%
305 Barbie Angel Reese
78%
Point Gawd Chelsea Gray
69%
McBuckets Kayla McBride
63%
Tip Tiffany Hayes
59%
Slim Brittney Sykes
58%
White Mamba Diana Taurasi
55%
Gold Mamba Jewell Loyd
53%
Unicorn Satou Sabally
53%
KFC Kahleah Copper
44%
Madame President Nneka Ogwumike
44%
Agent 0 Jackie Young
42%
The Engine Alyssa Thomas
38%
Hollywood Chennedy Carter
18%
No matching quizzes found
Score Distribution
Percent of People with Each Score
Percentile by Number Answered
Your Score History
You have not taken this quiz